| 000 | 00658nam a2200229Ia 4500 | ||
|---|---|---|---|
| 999 |
_c50968 _d50968 |
||
| 003 | GCL | ||
| 005 | 20240530104826.0 | ||
| 008 | 140319s9999 xx 000 0 ara d | ||
| 040 |
_aGCL / _cGCL |
||
| 082 | 0 | 4 |
_a805 _bع ا |
| 100 | 1 | _aعلى عقلة عرسان | |
| 245 | 1 | 0 |
_aالاداب الاجنبية / _cعلى عقل عرسان |
| 300 | _a238 ص | ||
| 490 |
_aالهيئة العامة للاستعلامات _v0 |
||
| 650 | 0 | 4 | _aالادب |
| 650 | 0 | 4 | _aالشعر |
| 650 | 0 | 4 | _aالقصص |
| 650 | 0 | 4 | _aدوريات |
| 650 | 0 | 4 | _aالادب - مقالات ومحاضرات |
| 700 | 1 | _aابراهيم الكيلانى | |
| 942 |
_2ddc _cBK |
||